000 00603nam a2200205Ia 4500
003 IN-BaIIA
008 211028s9999 xx 000 0 eng d
020 _a0-07-005371-5
040 _cIIA Library
080 _a533.9
_bBIR
100 _aBirdsall, C. K.
_913973
245 0 _aPlasma physics via computer simulation
_cC. K. Birdsall and A. B. Langdon
260 _aNew York
_bMcGraw-Hill
_c1985
300 _axxiii, 479p.
650 _aAstronomy and astrophysics thesaurus
650 _aComputer simulation
_910177
650 _aPlasma physics
_93732
700 _aLangdon, A. B.
_913974
942 _cBK
999 _c8331
_d8331